| 000 | 00693nam a22002057a 4500 | ||
|---|---|---|---|
| 999 |
_c157679 _d157679 |
||
| 005 | 20180924162649.0 | ||
| 010 | _aENG-124044 | ||
| 020 |
_a9780199459643 _c895.00 |
||
| 035 | _aEN-107576 | ||
| 037 | _bDBAD/PUB | ||
| 082 | _a005.133 | ||
| 100 | _aSeth, Anita | ||
| 245 |
_aJava: _cby Anita Seth [and] B.L. Juneja _bone step ahead / |
||
| 260 |
_aNew Delhi _bOxford University Press _c2017 |
||
| 270 |
_bNew Delhi _e110002 _a2/11 Ground Floor, Ansari Road, Daryaganj, |
||
| 300 |
_axxiii,1191p _c24cm.(pbk.) _bill. |
||
| 500 | _aIt includes Appendix A, Java, Appendix B, Java Interview Questions and index | ||
| 700 | _a Juneja, B.L. | ||
| 942 |
_2ddc _cEN _h005.133 _mSET |
||